Closed-loop corrective action

Programy akosti v multifunkčnej organizácii narážajú na komunikačné ťažkosti pri prenikaní informácií cez funkčné hranice. Metóda uzavretej slučky (CLCA) je priebežným nástrojom pre koordináciu toku informácií cez tieto hranice pri realizácii projektov, implementácii činností ap. Možnosť kontroly sr...

Ausführliche Beschreibung

Gespeichert in:
Bibliographische Detailangaben
1. Verfasser: Erin, T.
Format: Buchkapitel
Sprache:Englisch
Schlagworte:
Tags: Tag hinzufügen
Keine Tags, Fügen Sie das erste Tag hinzu!

MARC

LEADER 00000naa a2200000 4500
001 r014060
005 20221205080414.7
041 0 |a eng 
044 |a US 
245 1 0 |a Closed-loop corrective action  |c T. Erin 
520 |a Programy akosti v multifunkčnej organizácii narážajú na komunikačné ťažkosti pri prenikaní informácií cez funkčné hranice. Metóda uzavretej slučky (CLCA) je priebežným nástrojom pre koordináciu toku informácií cez tieto hranice pri realizácii projektov, implementácii činností ap. Možnosť kontroly srpávnosti postupu v každej fáze akcie. Postup použitia metódy. Príklady technického riešenia problému vo výrobe elektroniky. 
610 2 0 |a kvalita 
610 2 0 |a riadenie kvality 
610 2 0 |a tok informácií 
610 2 0 |a elektronika 
100 1 |a Erin, T.